000 00329nam a22001337a 4500
008 170920b xxu||||| |||| 00| 0 eng d
020 _a9780760779392
041 _aeng
080 _a7
100 _a45
101 _aART
245 _aGLORIOUS PRINTS AND PATTERNS TO DECORATE AND ENHANCE YOUR HOME
_cCORNELL,A
942 _2udc
_cBK
999 _c28544
_d28544